Na lásku přísahej slow /

Hlavní autor: Vrána, Jiří, 1947-2006
Další autoři: Čiháková, Hana, 1943-2005
Jazyk: Čeština
Vydáno: Zdounky : Jiří Vrána, 2003
Edice: Malá dechová hudba
Témata:
Fyzický popis: 1 řídící hlas + 16 hlasů ; 31 cm
Hudebniny Hudebniny
Uloženo v:
LEADER 01124ncm a2200313 a 4500
001 000700839
003 CZ BrMZK
005 20031219104722.0
007 q
008 031216s2003 xr dfaaf X cze d
028 0 1 |b Jiří Vrána 
040 |a BOA001  |b cze 
047 |a df 
048 |a of  |b vu02 
072 7 |a 785  |x Instrumentální hudba. Symfonická hudba. Hudba pro více nástrojů.  |2 Konspekt  |9 9 
080 |a 785.12  |2 MRF 
080 |a 78.089.6.087  |2 MRF 
100 1 |a Vrána, Jiří,  |d 1947-2006  |7 jn19990210810  |4 cmp 
245 1 0 |a Na lásku přísahej  |h [hudebnina] :  |b slow /  |c hudba: Jiří Vrána, text: Hana Čiháková 
260 |a Zdounky :  |b Jiří Vrána,  |c 2003 
300 |a 1 řídící hlas + 16 hlasů ;  |c 31 cm 
490 1 |a Malá dechová hudba 
630 0 4 |a dechová hudba (zpěv, dechový orchestr) 
655 7 |a partitury a hlasy  |7 fd186702  |2 czenas 
700 1 |a Čiháková, Hana,  |d 1943-2005  |7 jx20050621033  |4 lyr 
830 0 |a Malá dechová hudba 
910 |a BOA001  |b Mus4-1125.634 
990 |a MU 
996 6 |b 2610202441  |c Mus4-1125.634  |l MZK  |r Sklad / do 1 hodiny  |n 1  |w 000700839  |u 000010  |a 1  |e BOA001  |j MZK50  |s P